| 000 | 00911cab a2200217 4500 | ||
|---|---|---|---|
| 001 | ABS40534 | ||
| 008 | 090401t1989 xxu||||| |||| 00| 0 eng d | ||
| 035 | _a(Sirsi) u24578 | ||
| 041 | _aeng | ||
| 100 | _aClayton, P. | ||
| 245 | _aSmall offices: survey of tenant satisfaction in the North | ||
| 260 | _c1989 | ||
| 350 | _a0 | ||
| 490 |
_aEstates Gazette _v(8909) 4 March 1989, 20-61(4) |
||
| 520 | _aIn 1986 Liverpool Polytechnic carried out a survey of tenant satisfaction with small office schemes for English Estates . Seven developments in the North of England were studied and the findings are grouped under four main headings: motivation to move, selection criteria for new premises, property management issues and considerations for future development. | ||
| 650 | _aOFFICES | ||
| 650 | _aTENANTS REQUIREMENTS | ||
| 690 | _aPROPERTY-COMMERCIAL PROPERTY | ||
| 942 | _n0 | ||
| 948 | _c04/03/1997 | ||
| 999 |
_c16487 _d16487 |
||